My Grandson Is A Genius ! / (رقم التسجيلة. 111827)

تفاصيل مارك
000 -LEADER
fixed length control field 00560nam a22002057a 4500
005 - DATE AND TIME OF LATEST TRANSACTION
control field 20251108174536.0
008 - FIXED-LENGTH DATA ELEMENTS--GENERAL INFORMATION
fixed length control field 250721s2003 xx 000 0 eng d
020 ## - INTERNATIONAL STANDARD BOOK NUMBER
International Standard Book Number 1582348154
082 14 - DEWEY DECIMAL CLASSIFICATION NUMBER
Classification number J/F/AND
100 1# - MAIN ENTRY--PERSONAL NAME
Personal name andreae, giles
245 10 - TITLE STATEMENT
Title My Grandson Is A Genius ! /
264 1# - PRODUCTION, PUBLICATION, DISTRIBUTION, MANUFACTURE, AND COPYRIGHT NOTICE
Place of production, publication, distribution, manufacture new york :
Name of producer, publisher, distributor, manufacturer Bloomsbury Children's Books,
Date of production, publication, distribution, manufacture, or copyright notice 2003.
300 ## - PHYSICAL DESCRIPTION
Extent [ 20 P ]
650 17 - SUBJECT ADDED ENTRY--TOPICAL TERM
Topical term or geographic name as entry element FICTION
650 17 - SUBJECT ADDED ENTRY--TOPICAL TERM
Topical term or geographic name as entry element CHILDREN
653 ## - INDEX TERM--UNCONTROLLED
Uncontrolled term اطفال مرحله متوسطه ( 6 - 9 سنوات )
700 1# - ADDED ENTRY--PERSONAL NAME
Personal name hellard, sue
Relator term Illus.
942 ## - ADDED ENTRY ELEMENTS (KOHA)
Source of classification or shelving scheme Dewey Decimal Classification
Koha item type كتب
المقتنيات
حالة السحب حالة الفقدان مصدر التصنيف حالة التلف غير قابل للإعارة المكتبة الرئيسية المكتبة الحالية موقع الرف تاريخ التزويد الرقم المتسلسل Total Checkouts رقم الإستدعاء تاريخ آخر ظهور تاريخ الفاتورة نوع المادة (كوها) الباركود
    Dewey Decimal Classification     المكتبة المركزية المكتبة المركزية مقتنيات قسم التزويد 28/07/2025 1276930   J/F/AND 28/07/2025 28/07/2025 كتب  
    Dewey Decimal Classification     المكتبة المركزية المكتبة المركزية الأطفال 20/02/2013 1545522   J/F/AND 28/07/2025 20/02/2013 كتب PLD00265073
    Dewey Decimal Classification     مكتبة الراية الهاشمية للأطفال مكتبة الراية الهاشمية للأطفال الأطفال 02/02/2015 1591302   J/F/AND 28/07/2025 02/02/2015 كتب PLD00315110
    Dewey Decimal Classification     مكتبة ومركز فرح مكتبة ومركز فرح الأطفال 12/05/2009 1276931   J/F/AND 28/07/2025 12/05/2009 كتب PLD00088964
    Dewey Decimal Classification     مكتبةمؤتة مكتبةمؤتة الأطفال 12/05/2009 1276933   J/F/AND 28/07/2025 12/05/2009 كتب PLD00088966
Implemented & Customized by: BBB with SCIT (Smart Chains for Information Technology)

Powered by Koha